• 首页
  • 本馆介绍
  • 公告通知
  • 最新文献
  • 馆藏检索
  • 电子资源
  • 读者导购
  • 参考咨询
  • 我的图书馆
  • 登录
  • 详细信息显示
  • 放入我的书架
  • 预约/预借图书
  • 作者相关作品
  • 分类相关作品
  • 丛书相关作品
  • 出版社相关作品

书目信息

  • 表格格式
  • 工作单格式
  • 卡片格式
题名:
线性代数与多项式的快速算法
    
 
作者: 游兆永 著
分册:  
出版信息: 上海   上海科学技术出版社  1980
页数: 118页
开本: 19cm
丛书名: 计算数学丛书
单 册:
中图分类: O241.6
科图分类:
主题词: 线性代数 , 多项式--速算
电子资源:
ISBN:
000 00737nam2 2200265 45
001 0180005563
005 20060805094012.26
010    @dCNY0.40
091    @aCN@b13119.822
100    @a19950508d1980 em y0chiy0121 ea
101 0  @achi
102    @aCN@b310000
105    @ay z 000yy
200 10 @a线性代数与多项式的快速算法@Axian xing dai shu yu duo xiang shi de kuai su suan fa@f游兆永著
210    @a上海@c上海科学技术出版社@d1980
215    @a118页@d19cm
225 2  @a计算数学丛书
410  0 @120010@a计算数学丛书
606    @a线性代数
606    @a多项式@x速算
690    @aO241.6@v3
701  0 @a游兆永@Ayou zhao yong@4著
801  0 @aCN@bTSSF@c20060805
801  2 @aCN@bNLC@c20060725
905    @a10447@dO241.6@e117
    
    线性代数与多项式的快速算法/游兆永著.-上海:上海科学技术出版社,1980
    118页;19cm.-(计算数学丛书)
    
    
    ISBN :CNY0.40
    
●
相关链接 在E读中查询图书 在五车中查询图书 在当当中查询图书 在豆瓣中查询图书


正题名:线性代数与多项式的快速算法     索取号:O241.6/117         预约/预借

序号 登录号 条形码 馆藏地/架位号 状态 备注
1 0431578   204315785   密集书库/ [索取号:O241.6/117] 在馆    
2 0431579   204315794   密集书库/ [索取号:O241.6/117] 在馆    
3 0447090   204470900   密集书库/ [索取号:O241.6/117] 在馆    
唐山师范学院图书馆 欢迎您!
大连网信软件有限公司© 版权所有